<?xml version="1.0" encoding="UTF-8"?>
<record
    xmlns:xsi="http://www.w3.org/2001/XMLSchema-instance"
    xsi:schemaLocation="http://www.loc.gov/MARC21/slim http://www.loc.gov/standards/marcxml/schema/MARC21slim.xsd"
    xmlns="http://www.loc.gov/MARC21/slim">

  <leader>01308nam a2200253Ia 4500</leader>
  <controlfield tag="003">OSt</controlfield>
  <controlfield tag="005">20250203142802.0</controlfield>
  <controlfield tag="008">210719s2014    xx            000 0 und d</controlfield>
  <datafield tag="020" ind1=" " ind2=" ">
    <subfield code="a">978-81-927-279-0-5</subfield>
  </datafield>
  <datafield tag="040" ind1=" " ind2=" ">
    <subfield code="c">AL</subfield>
  </datafield>
  <datafield tag="041" ind1=" " ind2=" ">
    <subfield code="a">Kannada</subfield>
  </datafield>
  <datafield tag="082" ind1=" " ind2=" ">
    <subfield code="a">294.5K MALK</subfield>
  </datafield>
  <datafield tag="100" ind1=" " ind2=" ">
    <subfield code="a">MALLEPURAM G VENKATESHA</subfield>
    <subfield code="d">&#xCAE;&#xCB2;&#xCCD;&#xCB2;&#xCC7;&#xCAA;&#xCC1;&#xCB0;&#xC82;, &#xC9C;&#xCBF; &#xCB5;&#xCC6;&#xC82;&#xC95;&#xC9F;&#xCC7;&#xCB6;</subfield>
    <subfield code="9">197186</subfield>
  </datafield>
  <datafield tag="245" ind1=" " ind2=" ">
    <subfield code="a">Keladi basavaraja sankalisida shreeshivatatvaratnakara: 7,8 ne kallolagalu - Shastra Samputam vol 4  </subfield>
    <subfield code="b"> &#xC95;&#xCC6;&#xCB3;&#xCA6;&#xCBF; &#xCAC;&#xCB8;&#xCB5;&#xCB0;&#xCBE;&#xC9C; &#xCB8;&#xC82;&#xC95;&#xCB2;&#xCBF;&#xCB8;&#xCBF;&#xCA6; &#xCB6;&#xCCD;&#xCB0;&#xCC0;&#xCB6;&#xCBF;&#xCB5;&#xCA4;&#xCA4;&#xCCD;&#xCB5;&#xCB0;&#xCA4;&#xCCD;&#xCA8;&#xCBE;&#xC95;&#xCB0;: &#xCED; &#xCAE;&#xCA4;&#xCCD;&#xCA4;&#xCC1; &#xCEE; &#xC95;&#xCB2;&#xCCD;&#xCB2;&#xCCB;&#xCB2;&#xC97;&#xCB3;&#xCC1;-  &#xCB6;&#xCBE;&#xCB8;&#xCCD;&#xCA4;&#xCCD;&#xCB0;  &#xCB8;&#xC82;&#xCAA;&#xCC1;&#xC9F;&#xC82; &#xCEA;</subfield>
  </datafield>
  <datafield tag="260" ind1=" " ind2=" ">
    <subfield code="a">Bangalore</subfield>
    <subfield code="b">Daresa Publications</subfield>
    <subfield code="c">2014</subfield>
  </datafield>
  <datafield tag="300" ind1=" " ind2=" ">
    <subfield code="a">xxxii,592</subfield>
    <subfield code="b">HB</subfield>
  </datafield>
  <datafield tag="365" ind1=" " ind2=" ">
    <subfield code="b">600</subfield>
    <subfield code="c">Rs</subfield>
  </datafield>
  <datafield tag="440" ind1=" " ind2=" ">
    <subfield code="v">4</subfield>
  </datafield>
  <datafield tag="650" ind1=" " ind2=" ">
    <subfield code="a">Hinduism</subfield>
    <subfield code="9">197187</subfield>
  </datafield>
  <datafield tag="650" ind1=" " ind2=" ">
    <subfield code="a">Moolapatya,anuvada mattu viskratha tippanigalondige</subfield>
    <subfield code="9">197188</subfield>
  </datafield>
  <datafield tag="650" ind1=" " ind2=" ">
    <subfield code="a"> &#xCAE;&#xCC2;&#xCB2;&#xCAA;&#xCA0;&#xCCD;&#xCAF; ,&#xC85;&#xCA8;&#xCC1;&#xCB5;&#xCBE;&#xCA6; &#xCAE;&#xCA4;&#xCCD;&#xCA4;&#xCC1;  &#xCB5;&#xCBF;&#xCB8;&#xCCD;&#xC95;&#xCC3;&#xCA4; &#xC9F;&#xCBF;&#xCAA;&#xCCD;&#xCAA;&#xCA3;&#xCBF;&#xC97;&#xCB3;&#xCCA;&#xC82;&#xCA6;&#xCBF;&#xC97;&#xCC6;</subfield>
    <subfield code="9">197189</subfield>
  </datafield>
  <datafield tag="906" ind1=" " ind2=" ">
    <subfield code="a">4 ; 7,8 ; basavaraja ; kallolagalu ; Keladi ; mattu ; Moolapatya,anuvada ; ne ; Samputam ; sankalisida ; Shastra ; shreeshivatatvaratnakara: ; tippanigalondige ; viskratha ; vol</subfield>
  </datafield>
  <datafield tag="942" ind1=" " ind2=" ">
    <subfield code="2">ddc</subfield>
    <subfield code="c">BK</subfield>
  </datafield>
  <datafield tag="999" ind1=" " ind2=" ">
    <subfield code="c">215939</subfield>
    <subfield code="d">215939</subfield>
  </datafield>
  <datafield tag="952" ind1=" " ind2=" ">
    <subfield code="0">0</subfield>
    <subfield code="1">0</subfield>
    <subfield code="4">0</subfield>
    <subfield code="7">3</subfield>
    <subfield code="8">Religion</subfield>
    <subfield code="a">AL</subfield>
    <subfield code="b">AL</subfield>
    <subfield code="d">2020-03-17</subfield>
    <subfield code="e">General Annual</subfield>
    <subfield code="g">600.00</subfield>
    <subfield code="l">0</subfield>
    <subfield code="o">294.5K MALK</subfield>
    <subfield code="p">D04574</subfield>
    <subfield code="r">2021-07-19 00:00:00</subfield>
    <subfield code="w">2021-07-19</subfield>
    <subfield code="y">DB</subfield>
  </datafield>
</record>
